000 00793nam a2200229Ii 4500
003 JO-AjNU
008 230605s9999||||xx |||||||||||||| ||und||
017 _a2009/23827
020 _a978--977408-838-1
040 _aJO-AjNU
_bara
_erda
_cJO-AjNU
041 _aara
050 1 4 _aQA76.9.D3.A282212 2010
100 3 _aايرامسون، ايان؛ ترجمة خالد العمري ,
_eauthor
_944485
245 0 0 _aقواعد بيانات اوراكل 11جي للمبتدئين
250 _aط1
264 3 1 _aالقاهرة:المبتديان، 2010
300 _a468ص
336 _atext
_btxt
_2rdacontent
337 _aunmediated
_bn
_2rdamedia
338 _avolume
_bnc
_2rdacarrier
650 4 _aالحاسبات الالكترونية-لغات -قواعد البيانات
_944486
999 _aA19212
_c22780
_d22780